[Event "8th Memorial Ekrem Galijatovic 2022"]
[Site "Sarajevo"]
[Date "2022.03.13"]
[Round "4.3"]
[White "Dizdarevic, Emir"]
[Black "Selimovic, Amir"]
[Result "1-0"]
[WhiteElo "2379"]
[BlackElo "1943"]
[Annotator "RC"]
[PlyCount "57"]
[EventDate "2022.03.13"]
[EventType "tourn"]
[EventCountry "BIH"]
[SourceTitle "playchess.com"]
[Source "ChessBase"]
[SourceQuality "1"]
[TimeControl "5400+30"]

1. Nf3 {[%emt 0:00:14]} Nf6 {[%emt 0:00:14]} 2. g3 {[%emt 0:00:20]} g6 {[%emt 0:00:11]} 3. b3 {[%emt 0:00:23]} Bg7 {[%emt 0:00:18]} 4. Bb2 {[%emt 0:00:08]} O-O {[%emt 0:01:15]} 5. Bg2 {[%emt 0:00:07]} d5 {[%emt 0:00:25]} 6. c4 {[%emt 0:00:18]} c6 {[%emt 0:00:43]} 7. O-O {[%emt 0:00:16]} Bg4 {[%emt 0:01:38]} 8. d3 {[%emt 0:01:13]} Bxf3 {[%emt 0:01:27]} 9. Bxf3 {[%emt 0:00:24]} Nbd7 {[%emt 0:00:22]} 10. Qc2 {[%emt 0:04:06]} e5 {[%emt 0:02:17]} 11. e3 {[%emt 0:06:09]} Re8 {[%emt 0:01:34]} 12. Nd2 {[%emt 0:01:46]} Rc8 {[%emt 0:04:41]} 13. Bg2 {[%emt 0:04:38]} h5 {[%emt 0:00:38]} 14. Rac1 {[%emt 0:02:23]} Qe7 {[%emt 0:03:34]} 15. cxd5 {[%emt 0:03:17]} Nxd5 {[%emt 0:01:06]} 16. a3 {[%emt 0:02:32]} N5f6 {[%emt 0:01:33]} 17. b4 {[%emt 0:00:41]} Nb6 {[%emt 0:01:56]} 18. Nb3 {[%emt 0:06:51]} Nfd7 {[%emt 0:01:31]} 19. Ba1 {[%emt 0:02:16]} Qd6 {[%emt 0:03:56]} 20. Rfd1 {[%emt 0:03:30]} Qb8 {[%emt 0:00:36]} 21. Na5 {[%emt 0:03:04]} Rc7 {[%emt 0:03:31]} 22. b5 {[%emt 0:03:48]} c5 {[%emt 0:00:40]} 23. a4 {[%emt 0:01:41]} Nc8 {[%emt 0:02:04]} 24. Nc4 {[%emt 0:02:39]} b6 {[%emt 0:01:28]} 25. Bc3 {[%emt 0:00:43]} Bf8 {[%emt 0:01:34]} 26. Bc6 {[%emt 0:02:28]} Bg7 {[%emt 0:01:37]} 27. Qb2 {[%emt 0:03:14]} Rxc6 {[%emt 0:01:08]} 28. bxc6 {[%emt 0:00:07]} Nf8 {[%emt 0:00:10]} 29. d4 {[%emt 0:00:52]} 1-0

[Event "8th Memorial Ekrem Galijatovic 2022"]
[Site "Sarajevo"]
[Date "2022.03.13"]
[Round "4.4"]
[White "Mrndjic, Muamer"]
[Black "Haznadar, Nermin"]
[Result "1/2-1/2"]
[WhiteElo "2274"]
[BlackElo "1881"]
[Annotator "TA"]
[PlyCount "105"]
[EventDate "2022.03.13"]
[EventType "tourn"]
[EventCountry "BIH"]
[SourceTitle "playchess.com"]
[Source "ChessBase"]
[SourceQuality "1"]

{[%evp 17,105,21,22,25,32,26,38,0,0,6,31,8,13,-20,-17,-15,0,-58,-50,-61,-56,-149,-149,-143,-140,-148,-142,-142,-57,-68,-56,-58,-43,-43,-36,-36,-41,-34,-34,-34,-36,-48,-38,-38,-48,-114,-58,-68,-55,-55,-55,-61,-55,-55,-61,-67,-31,-31,-31,-31,-31,-31,-31,-31,-31,-31,-31,-31,-11,-31,-31,-31,-31,-31,-3,-45,-45,-45,-45,-45,-45,-45,-45,-45,-45,-45,-45,-45,-45,-45]} 1. d4 c6 2. Nf3 Nf6 3. c4 d5 4. e3 Bf5 5. Nc3 e6 6. Nh4 Be4 7. f3 Bg6 8. Nxg6 hxg6 9. Qb3 Qb6 10. Bd2 {D12: Slav Defence: 3 Nf3 Nf6 4 e3 Bf5.} Nbd7 11. O-O-O O-O-O 12. Be2 {White is slightly better.} (12. Qc2 {is more complex.} Qc7 13. h3 dxc4 14. Bxc4 Nb6 15. Bb3) 12... Qxb3 13. axb3 {[#]} Bd6 $146 ({Predecessor:} 13... c5 14. Be1 Nb8 15. Bf2 Nc6 16. Kb1 cxd4 17. exd4 Bd6 18. g3 Kb8 19. h4 a6 {½-½ (51) Iskusnyh,S (2455)-Romanov,E (2624) Khanty-Mansiysk 2011}) 14. f4 Bb4 15. Nb1 Bxd2+ 16. Nxd2 c5 17. Bf3 (17. Nf3 $11) 17... cxd4 $15 18. exd4 Nb8 {[%cal Bd7b8,Bb8c6,Bc6d4][%mdl 32]} 19. c5 ({White should try} 19. Nf1 $15) 19... Nc6 $17 20. Nb1 {[%cal Bd2b1,Bb1c3,Bc3e4,Be4g5][%mdl 32]} Ne4 21. Bxe4 dxe4 22. Nc3 Rxd4 ({Inferior is} 22... Nxd4 23. Nxe4 Nxb3+ 24. Kc2 Nd4+ 25. Kc3 Nb5+ 26. Kc4 $17) (22... f5 $17 23. Ne2 b6 24. cxb6 axb6) 23. Rxd4 $15 Nxd4 24. Nxe4 Nxb3+ $17 {[%mdl 4096] Endgame KRN-KRN} (24... f5 $5 {[%cal Rf5e4]} 25. Ng5 (25. Nd6+ Kb8 $17) 25... Nxb3+ 26. Kb1 a5 $17) 25. Kc2 Nd4+ 26. Kc3 Nb5+ 27. Kc4 a6 28. Ng5 Rd8 {[#] Strongly threatening ...Rd4+.} 29. Nxf7 Rd4+ 30. Kb3 Rxf4 31. Ng5 (31. Ne5 $15) 31... Kd7 (31... Nd4+ $17 32. Kc3 Rg4) 32. Re1 $15 Rg4 {[%csl LRg2,LRg5]} 33. Nxe6 Rxg2 34. h4 Rg4 35. Nxg7 Rxh4 36. Rg1 Nd4+ 37. Ka2 Kc6 38. Rxg6+ Kxc5 39. Ne6+ Nxe6 40. Rxe6 {KR-KR} Kb5 41. Re7 Kb6 42. Re6+ Ka7 43. Re7 a5 44. Re5 Ka6 45. Rg5 a4 46. Rf5 (46. b3 $11) 46... b5 {Black is slightly better.} 47. Rf6+ Ka5 48. Rf5 Kb4 49. Rf8 Re4 50. Rh8 Re2 51. Rh4+ Ka5 52. Rh5 Re4 53. Rg5 {Weighted Error Value: White=0.12 (very precise) /Black=0.08 (flawless)} 1/2-1/2

[Event "8th Memorial Ekrem Galijatovic 2022"]
[Site "Sarajevo"]
[Date "2022.03.13"]
[Round "4.5"]
[White "Kurtcehajic, Suad"]
[Black "Trkulja, Goran"]
[Result "1/2-1/2"]
[WhiteElo "1968"]
[BlackElo "2255"]
[Annotator "TA"]
[PlyCount "132"]
[EventDate "2022.03.13"]
[EventType "tourn"]
[EventCountry "BIH"]
[SourceTitle "playchess.com"]
[Source "ChessBase"]
[SourceQuality "1"]

{[%evp 9,132,24,32,0,-6,-3,4,-121,-41,-41,-15,-40,-12,0,0,0,0,-46,-36,-82,-5,-6,0,0,0,0,0,-18,0,-30,13,-19,64,66,81,68,70,77,98,103,139,139,164,175,169,158,179,160,422,404,373,201,189,159,166,159,152,98,200,161,162,156,157,129,129,129,159,159,164,159,159,159,216,216,202,173,234,227,316,305,314,312,308,304,302,286,304,305,365,385,423,341,286,0,399,395,29958,29959,29958,29953,5414,139,139,139,139,139,139,139,140,69,69,69,69,69,76,69,159,159,170,177,177,182,182,182,182]} 1. e4 {[%cal Be2e4,Be4d5][%mdl 32]} c5 2. c3 d5 3. exd5 Nf6 4. Bb5+ Nbd7 5. c4 a6 6. Ba4 {B22: Sicilian: 2 c3.} (6. Bxd7+ $5 Bxd7 7. d4 $11) 6... b5 $1 7. cxb5 Nxd5 {[#]} 8. bxa6 $146 (8. Nf3 $11 {remains equal.}) ({Predecessor:} 8. Nc3 e6 9. Nf3 Be7 10. O-O O-O 11. d4 Bb7 12. bxa6 Bxa6 13. Nxd5 exd5 14. Re1 {1-0 (36) Tournier,M (2277)-Kranewitter,N (2008) Bayern 2018}) 8... Bxa6 (8... Nb4 $1 $17 9. Nf3 (9. d4 $2 Bxa6 10. Ne2 Nd3+ 11. Kf1 Nxc1 $19) 9... Nd3+ 10. Kf1 Bxa6) 9. Ne2 $1 $15 e6 10. Nbc3 Be7 11. O-O O-O 12. Nxd5 exd5 13. Bc6 (13. d3 $11) 13... Rb8 {Strongly threatening ...Ne5.} 14. Bxd5 (14. Bxd7 $15 Qxd7 15. Re1) 14... Bf6 (14... Ne5 $17 15. Be4 f5) 15. Re1 Ne5 16. Be4 Nd3 17. Bxd3 Qxd3 18. Nc3 Bd4 19. a4 (19. Ne2 $5 {[%cal Re2d4]}) 19... Rb6 (19... Qf5 {is superior.} 20. Re3 Bxe3 21. dxe3 Rfd8) 20. Nb5 Rf6 ({Better is} 20... Bxb5 $11 21. axb5 Rf6) 21. Nxd4 $14 Qxd4 22. Re3 $1 h6 23. a5 Qh4 24. Qe1 Kh7 25. b3 Rd8 26. Bb2 Rg6 27. Rg3 {Prevents Qg5.} Rdd6 28. Qe5 Rdf6 $2 (28... Qd8 $16 29. Bc3 Qc8) 29. Qe7 $18 Rf4 30. Qxh4 (30. Qf8 $142 Rfg4 31. Re1 Rxg3 32. hxg3) 30... Rxh4 31. Rxg6 Kxg6 {[%mdl 4096] Endgame KRB-KRB} 32. Re1 Rb4 33. Re3 (33. Bc3 $142 Rxb3 34. h4) 33... Kh7 (33... f6 $16) 34. Bc3 Rxb3 {( -> ...Rb1+)} 35. f3 Rb7 36. Re5 Rc7 37. Kf2 Rc6 38. Re7 Kg6 39. h4 {[%cal Oh4h5] And now h5+! would win.} h5 40. g4 hxg4 (40... f6 $16 {keeps fighting.} 41. Kg3 hxg4 42. fxg4 (42. Kxg4 Bc4 $16) 42... Kh6) 41. fxg4 f6 42. Kg3 Bc4 (42... Kh6 {was called for.} 43. Kf4 Bc4 44. g5+ Kg6) 43. Kf4 Kh6 44. g5+ Kg6 45. gxf6 gxf6 46. Rb7 Rc8 47. Rb6 Rf8 48. Rc6 Bd3 49. Rxc5 Rh8 50. Kg3 Rg8 51. Kf4 Rh8 $1 {Prevents h5+.} 52. h5+ Rxh5 $2 (52... Kh6 $18 53. Bxf6 Re8) 53. Rxh5 Kxh5 54. Bxf6 {KB-KB} Kg6 55. Ke3 $2 Ba6 $16 56. Bc3 {Kd4 would kill now.} Kf5 {[#]} 57. Kd4 $1 {Threatens to win with Kc5.} Ke6 {[#]} 58. Kc5 $1 {Intending Kb6 and mate.} Kd7 59. d4 (59. Kb6 $16 Be2 60. a6) 59... Kc7 $14 60. d5 {[%cal Bd4d5,Bd5d6][%mdl 32]} Bc8 61. Be5+ Kb7 $1 62. Kd6 Ka8 (62... Bg4 $14) 63. Kc7 $16 {White is clearly better.} Bf5 64. Bd4 Bg4 65. d6 Bf5 66. a6 Bg4 {Weighted Error Value: White=0.32/Black=0.41} 1/2-1/2

[Event "8th Memorial Ekrem Galijatovic 2022"]
[Site "Sarajevo"]
[Date "2022.03.14"]
[Round "5.1"]
[White "Trkulja, Goran"]
[Black "Mrkovic, Nikola"]
[Result "1-0"]
[WhiteElo "2255"]
[BlackElo "1698"]
[Annotator "ChessBase"]
[PlyCount "70"]
[EventDate "2022.03.13"]
[EventType "tourn"]
[EventCountry "BIH"]
[SourceTitle "playchess.com"]
[Source "ChessBase"]
[SourceQuality "1"]
[TimeControl "5400+30"]

1. Nf3 {[%emt 0:01:10]} d5 {[%emt 0:00:06]} 2. c4 {[%emt 0:00:36]} e6 {[%emt 0:00:54]} 3. e3 {[%emt 0:00:16]} Nf6 {[%emt 0:01:33]} 4. b3 {[%emt 0:00:19]} Nbd7 {[%emt 0:04:44]} 5. Bb2 {[%emt 0:00:24]} b6 {[%emt 0:03:07]} 6. Be2 {[%emt 0:00:43]} Be7 {[%emt 0:01:10]} 7. O-O {[%emt 0:03:19]} O-O {[%emt 0:02:45]} 8. d4 {[%emt 0:01:14]} Bb7 {[%emt 0:04:32]} 9. Nbd2 {[%emt 0:02:31]} Rc8 {[%emt 0:04:40]} 10. Rc1 {[%emt 0:00:33]} c5 {[%emt 0:00:47]} 11. Ne5 {[%emt 0:03:25]} cxd4 {[%emt 0:11:42]} 12. exd4 {[%emt 0:02:13]} h6 {[%emt 0:07:02]} 13. Ndf3 {[%emt 0:05:14]} Nxe5 {[%emt 0:04:07]} 14. Nxe5 {[%emt 0:03:04]} dxc4 {[%emt 0:19:28]} 15. bxc4 {[%emt 0:01:19]} Nd7 {[%emt 0:06:42]} 16. Ng4 {[%emt 0:08:49]} Nf6 {[%emt 0:07:12]} 17. Ne3 {[%emt 0:01:09]} Qd7 {[%emt 0:00:59]} 18. Bf3 {[%emt 0:04:13]} Rfd8 {[%emt 0:01:53]} 19. Bxb7 {[%emt 0:01:06]} Qxb7 {[%emt 0:00:13]} 20. Qe2 {[%emt 0:00:54]} Qa6 {[%emt 0:04:54]} 21. f4 {[%emt 0:02:55]} Ba3 {[%emt 0:03:15]} 22. f5 {[%emt 0:03:49]} Re8 {[%emt 0:01:04]} 23. Rc3 {[%emt 0:03:38]} Bxb2 {[%emt 0:01:30]} 24. Qxb2 {[%emt 0:00:08]} exf5 {[%emt 0:02:40]} 25. Nxf5 {[%emt 0:01:28]} Ne4 {[%emt 0:01:44]} 26. Ra3 {[%emt 0:03:36]} Qxc4 {[%emt 0:01:22]} 27. Rxa7 {[%emt 0:00:28]} b5 {[%emt 0:00:52]} 28. Ne7+ {[%emt 0:00:48]} Rxe7 {[%emt 0:01:15]} 29. Rxe7 {[%emt 0:00:09]} Nc3 {[%emt 0:00:21]} 30. Qf2 {[%emt 0:03:36]} f6 {[%emt 0:01:19]} 31. Rfe1 {[%emt 0:02:22]} Qd5 {[%emt 0:01:36]} 32. h3 {[%emt 0:01:23]} Nxa2 {[%emt 0:00:30]} 33. Qg3 {[%emt 0:03:31]} Qxd4+ {[%emt 0:00:31]} 34. Kh1 {[%emt 0:00:46]} f5 {[%emt 0:00:18]} 35. Qg6 {[%emt 0:00:34]} Qf6 {[%emt 0:00:41]} 1-0

[Event "8th Memorial Ekrem Galijatovic 2022"]
[Site "Sarajevo"]
[Date "2022.03.14"]
[Round "5.2"]
[White "Haznadar, Nermin"]
[Black "Kurtcehajic, Suad"]
[Result "0-1"]
[WhiteElo "1881"]
[BlackElo "1968"]
[Annotator "TA"]
[PlyCount "108"]
[EventDate "2022.03.13"]
[EventType "tourn"]
[EventCountry "BIH"]
[SourceTitle "playchess.com"]
[Source "ChessBase"]
[SourceQuality "1"]

{[%evp 25,108,33,26,26,31,23,22,27,28,34,23,34,34,41,44,43,41,33,33,33,36,37,41,21,21,23,25,0,0,0,0,-26,-20,-131,-133,-114,-104,-260,-261,-236,-140,-140,-140,-140,-140,-140,-140,-140,-140,-122,-121,-122,-122,-160,-122,-122,-122,-122,-122,-494,-362,-282,-267,-728,-685,-710,-720,-1280,-1236,-1368,-1368,-1368,-1360,-1346,-1346,-29971,-29972,-29972,-29973,-29972,-29973,-29974,-29974,-29975,-12819]} 1. d4 d5 2. c4 e6 3. Nc3 Nf6 4. cxd5 exd5 5. Bg5 Be7 6. e3 O-O 7. Bd3 c6 8. Qc2 h6 9. Bh4 Re8 10. Nge2 Nbd7 11. O-O {[%cal Bh1f1,Bf1d1,Bd1d5][%mdl 32]} Ne4 12. Bxe7 Qxe7 13. Bxe4 dxe4 14. Rfd1 {D36: Queen's Gambit Declined: Exchange Variation: Main line (5 Bg5 c6 6 Qc2).} Nf6 15. d5 cxd5 16. Nxd5 {The position is equal.} Nxd5 17. Rxd5 Bg4 18. Nc3 Bd7 19. Rad1 Bc6 20. R5d4 Rad8 21. Qd2 {[%cal Rd4d8]} Rxd4 22. Qxd4 a6 23. h3 {[#]} Rc8 $146 ({Predecessor:} 23... Kh7 24. a3 Qg5 25. Qd2 Re5 26. Qd6 Re6 27. Qb8 Re8 28. Qc7 Qf6 29. Rd4 Re5 {½-½ (36) Shabaev,V (2086)-Stukalov,M (2215) ICCF email 2019}) 24. Qc4 Rd8 25. Rxd8+ Qxd8 26. Qd4 (26. b4 {is more complex.} Qe7 27. Qd4 Qe8 28. a3 Qe6 29. Qd8+) 26... Qxd4 27. exd4 $11 {[%mdl 4096] Endgame KB-KN} f5 28. Kf1 Kf7 29. d5 (29. g4 $11) 29... Bb5+ $17 30. Ke1 Kf6 31. f4 $2 (31. g4 $17) 31... exf3 $1 $19 32. gxf3 {[#]} Ke5 (32... g5 $1 $19 33. f4 Be8) 33. f4+ $17 Kd6 (33... Kxf4 $2 34. Nxb5 Ke5 {[#]} 35. d6 $1 $18) 34. h4 {Inhibits g5.} Bc4 35. Kd2 Bxd5 36. Kd3 Bc6 37. Kd4 Ke6 38. Ne2 Kf6 39. b3 g5 40. hxg5+ hxg5 41. fxg5+ Kxg5 42. Ke5 {[%mdl 8192] Prevents f4.} (42. Ke3 $17 {nothing else works.}) 42... Kg4 $19 43. Nf4 Be4 {And now ...Kf3 would win.} 44. b4 $2 (44. Ne2) 44... Kf3 45. Ne6 Ke3 46. a4 Kd3 47. b5 axb5 48. axb5 Kc4 49. b6 Kb5 50. Nd4+ Kxb6 {Black mates.} 51. Ne6 Kb5 52. Kd4 Kb4 53. Ke3 b5 54. Nd4 Kc4 {Weighted Error Value: White=0.65/Black=0.03 (flawless)} 0-1

[Event "8th Memorial Ekrem Galijatovic 2022"]
[Site "Sarajevo"]
[Date "2022.03.14"]
[Round "5.3"]
[White "Selimovic, Amir"]
[Black "Mrndjic, Muamer"]
[Result "0-1"]
[WhiteElo "1943"]
[BlackElo "2274"]
[Annotator "ChessBase"]
[PlyCount "22"]
[EventDate "2022.03.13"]
[EventType "tourn"]
[EventCountry "BIH"]
[SourceTitle "playchess.com"]
[Source "ChessBase"]
[SourceQuality "1"]
[TimeControl "5400+30"]

1. d4 {[%emt 0:00:17]} Nf6 {[%emt 0:00:23]} 2. Bf4 {[%emt 0:00:20]} d5 {[%emt 0:00:16]} 3. e3 {[%emt 0:00:10]} c5 {[%emt 0:00:07]} 4. c3 {[%emt 0:00:26]} Nc6 {[%emt 0:00:12]} 5. Nd2 {[%emt 0:00:18]} Qb6 {[%emt 0:00:16]} 6. Qb3 {[%emt 0:00:12]} c4 {[%emt 0:00:15]} 7. Qc2 {[%emt 0:00:07]} g6 {[%emt 0:00:21]} 8. e4 {[%emt 0:00:19]} e6 {[%emt 0:08:55]} 9. e5 {[%emt 0:07:12]} Nd7 {[%emt 0:04:00]} 10. b3 {[%emt 0:00:36]} Nxd4 {[%emt 0:04:03]} 11. Qc1 {[%emt 0:07:34]} cxb3 0-1

[Event "8th Memorial Ekrem Galijatovic 2022"]
[Site "Sarajevo"]
[Date "2022.03.14"]
[Round "5.4"]
[White "Konjicanin, Muris"]
[Black "Dizdarevic, Emir"]
[Result "0-1"]
[WhiteElo "2166"]
[BlackElo "2379"]
[Annotator "TA"]
[PlyCount "108"]
[EventDate "2022.03.13"]
[EventType "tourn"]
[EventCountry "BIH"]
[SourceTitle "playchess.com"]
[Source "ChessBase"]
[SourceQuality "1"]

{[%evp 14,108,0,-22,0,0,3,0,0,-34,-32,-22,-18,-39,-40,-44,-41,-49,-56,-103,-109,-119,-84,-89,-87,-91,-85,-85,-89,-86,-91,-88,-67,-71,-69,-74,-74,-73,-76,-88,-66,-76,-61,-81,-81,-93,-92,-140,-140,-205,-205,-259,-257,-259,-245,-245,-245,-258,-254,-253,-246,-242,-233,-127,-129,-945,-915,-930,-818,-1621,-1504,-908,-1000,-457,-1447,-1315,-1189,-1182,0,-2570,-2527,-2152,-2059,-1647,-3215,-29968,-29969,-29977,-29978,-29978,-29976,-29982,-29983,-29984,-29984,-29982,-29981]} 1. d4 e6 2. e4 d5 3. exd5 exd5 4. Bd3 c5 5. dxc5 Bxc5 6. Nf3 Nf6 7. O-O O-O 8. Nbd2 {is cutting edge theory.} h6 {C01: French: Exchange Variation.} 9. h3 Nc6 10. Nb3 Bb6 {The position is equal.} 11. Bf4 Ne4 12. c3 Qf6 13. Bh2 Bf5 {[%cal Bc8f5,Bf5g6,Bg6d3,Bd3e2][%mdl 32] [#]} 14. Nbd4 $146 ({Predecessor:} 14. a4 Rad8 15. a5 Bc5 16. Nxc5 Nxc5 17. Bxf5 Qxf5 18. a6 Nxa6 19. Nd4 {½-½ (48) Jonkman,H (2410)-Van Foreest,L (2489) Hoogeveen 2017}) 14... Bg6 15. a4 Rfe8 16. Qc1 (16. Nxc6 $15 {should be considered.} bxc6 17. a5) 16... Bxd4 $17 17. Nxd4 {[#]} Nxc3 $1 {[%mdl 512]} 18. bxc3 ({Not} 18. Bxg6 $2 Nxd4 19. Kh1 Nce2 $19) 18... Bxd3 19. Rd1 Nxd4 20. cxd4 {[#]} Rac8 $1 21. Qf4 {Black must now prevent Qxf6.} Qxf4 {Black is much more active.} (21... Qe6 {is interesting.} 22. a5 Bb5 23. Qd2 Rc4 24. Bf4 Qe2) 22. Bxf4 Be2 23. Rdc1 Bc4 24. Re1 Re4 $36 {[%mdl 2048] White is under strong pressure.} 25. Rxe4 dxe4 {[%mdl 4096] Endgame KRB-KRB} 26. Rc1 Rc6 27. Bb8 a5 28. Ba7 b5 29. axb5 Bxb5 30. Rxc6 (30. Bc5 $142) 30... Bxc6 {KB-KB} 31. Kf1 (31. g4 $17 {was necessary.}) 31... g5 $19 32. Ke2 Kg7 33. Bc5 Kg6 34. Ke3 Kf5 35. Bf8 h5 36. Be7 f6 {[%cal Bf7f6,Bf6f5,Bf5f4][%mdl 32]} 37. Ba3 Bd5 38. Bc1 ({White should try} 38. g3 $19) 38... h4 $17 {aiming for ...Kg6.} 39. Ba3 $2 {[%mdl 8192]} (39. g3 $17) 39... Ke6 $19 40. Bc1 a4 41. Ba3 f5 42. Ke2 f4 {Hoping for ...Bc4+.} 43. Bc1 Bc4+ 44. Ke1 Kf5 {Strongly threatening ...g4.} 45. Ba3 Ke6 $2 (45... g4 $19 46. hxg4+ Kxg4) 46. d5+ $2 {[%mdl 8192]} (46. Bc1 $11 Kd5 47. f3) 46... Bxd5 47. Bc5 Kf5 48. Kf1 Bc4+ 49. Ke1 g4 {Black mates.} 50. hxg4+ Kxg4 51. Be7 Bb5 52. Bd6 f3 53. gxf3+ Kxf3 54. Kd2 Kxf2 {Weighted Error Value: White=0.57/Black=0.14 (very precise)} 0-1

[Event "8th Memorial Ekrem Galijatovic 2022"]
[Site "Sarajevo"]
[Date "2022.03.14"]
[Round "5.5"]
[White "Hadzovic, Amir"]
[Black "Alhdad, Ahmed O."]
[Result "1-0"]
[WhiteElo "2290"]
[BlackElo "1811"]
[Annotator "TA"]
[PlyCount "85"]
[EventDate "2022.03.13"]
[EventType "tourn"]
[EventCountry "BIH"]
[SourceTitle "playchess.com"]
[Source "ChessBase"]
[SourceQuality "1"]

{[%evp 12,85,27,7,0,0,64,0,0,0,37,-3,97,81,95,124,73,47,148,139,157,92,77,31,10,0,55,38,39,37,33,47,38,45,48,37,106,68,182,151,287,279,378,356,375,386,434,394,407,413,579,598,587,594,581,572,619,629,782,622,809,860,831,860,794,794,1045,997,819,781,1154,742,736,722,1331,1021]} 1. e4 g6 2. Nc3 Bg7 3. f4 d6 4. Nf3 Nf6 5. Bc4 O-O 6. d3 c6 7. O-O b5 {B07: Pirc Defence: Miscellaneous Systems.} 8. Bb3 b4 (8... Nbd7 $11) 9. Ne2 ({White should try} 9. Na4 $1 $14) 9... Qb6+ $11 {The position is equal.} 10. Kh1 a5 {aiming for ...a4.} 11. a4 Ng4 (11... Nbd7 $11) 12. Qe1 $1 $16 {[#] Threatens to win with Qh4.} Nd7 $146 ({Predecessor:} 12... Na6 13. d4 Nf6 14. e5 Nd5 15. Bxd5 cxd5 16. Qh4 Qc7 17. c3 Bf5 18. Bd2 Rab8 {0-1 (51) Khalilov,N (1670)-Mecsherykov,A (1960) Anapa 2012}) 13. h3 Ngf6 14. Qh4 {Hoping for f5.} d5 (14... e6 $1 $14) 15. e5 Ne8 16. Ned4 ({Better is} 16. Ng5 $1 {[%csl Gg5][%cal Rh4h7]} h6 17. Nf3) 16... e6 {[#]} 17. Be3 {White is more active.} ({White should play} 17. Ng5 $1 $16 {[%csl Gg5][%cal Rh4h7]} h6 18. Ngf3) 17... c5 $1 $14 18. Nb5 (18. Ng5 $2 h6 19. Ndf3 Bb7 $19) 18... Ba6 (18... Nc7 $11) 19. c4 (19. Ng5 {seems wilder.} h6 20. Nf3 Qd8 21. Qxd8 Rxd8 22. c3) 19... bxc3 20. bxc3 (20. Ng5 $2 h6 21. Nxe6 cxb2 22. Bxd5 bxa1=R $19) 20... Bxb5 21. axb5 Qxb5 22. Ba4 $36 {[%mdl 2048] White has some pressure.} (22. Ng5 h6 23. Ba4 Qxd3 $1 $17) 22... Qxd3 23. Qf2 (23. Bxd7 Qxe3 24. c4 (24. Bc6 Rc8 $17) 24... d4 $17) (23. Ng5 h6 $1 24. Qf2 hxg5 $17) 23... Nb6 {Black is on the road to losing.} (23... Nef6 $14 24. exf6 Nxf6) 24. Bc2 $16 {A strong pair of Bishops.} Qxc3 {[#]} (24... Qc4 $14) 25. Rfc1 $1 $18 ({But not} 25. Bxc5 $6 Nd7 26. Be7 (26. Bxf8 Bxf8 27. g3 Ng7 $11) 26... Rc8 $14) 25... d4 {[#]} (25... Qc4 $16) 26. Bd2 $1 {[%mdl 64] Skewer} Qb2 27. Rab1 Qa2 28. Rxb6 Qd5 29. Ng5 Qd8 30. Rc6 (30. Qh4 h6 31. Rxe6 c4 $17) 30... Rc8 {[#]} (30... Bh6 $142 31. Ne4 a4 32. Nxc5 a3) 31. Bxa5 $1 {[%mdl 512] White is clearly winning.} Qd7 32. Rxc8 (32. Qh4 h6 33. Rxc8 hxg5 34. Qxg5 (34. Rd8 Qxd8 35. Bxd8 gxh4 $11) 34... Qxc8 $16) 32... Qxc8 33. Bd3 {Inhibits Qa6.} Kh8 {[#]} 34. Qxd4 $3 {[%mdl 512]} h6 (34... Nf6 35. Rxc5) 35. Ne4 {[%cal Bg5e4,Be4c5,Bc5e6,Be6d4,Bd4f5][%mdl 32]} Qb8 36. Nxc5 {Strongly threatening Nd7.} Qa8 37. Ra1 Qc6 38. Be4 Qb5 39. Bd8 Qb8 40. Rb1 Qa7 41. Nxe6 Qxd4 42. Nxd4 g5 43. Nf5 {Weighted Error Value: White=0.19 (very precise) /Black=0.43} 1-0